Asia by Shortest Border 🔥 - Statistics

General Stats
  • This quiz has been taken 39 times
  • The average score is 26 of 40
Answers on the Map
Answers color-coded by a green-red scale on the quiz's map according to % correct below.
 
Answer Stats
Answer % Correct
Bhutan
93%
China
93%
Afghanistan
90%
India
87%
Armenia
83%
Iran
83%
Saudi Arabia
80%
Iraq
77%
Kazakhstan
77%
Laos
77%
Malaysia
77%
Qatar
77%
Turkmenistan
77%
Myanmar
73%
Cambodia
70%
Azerbaijan
67%
East Timor
67%
Indonesia
67%
Nepal
67%
North Korea
67%
South Korea
67%
Turkey
67%
Bangladesh
63%
Jordan
63%
Oman
63%
Thailand
63%
Yemen
63%
Israel
60%
Mongolia
60%
Brunei
57%
Pakistan
57%
United Arab Emirates
57%
Syria
53%
Lebanon
50%
Vietnam
50%
Uzbekistan
47%
Georgia
43%
Kuwait
40%
Tajikistan
40%
Kyrgyzstan
37%
No matching quizzes found
Score Distribution
Percent of People with Each Score
Percentile by Number Answered
Your Score History
You have not taken this quiz